Sexualidad saludable de los adolescentes: la necesidad de políticas basadas en evidencias /
Gorde:
| Egile nagusia: | |
|---|---|
| Formatua: | Texto |
| Gaiak: | |
| Etiketak: |
Etiketa erantsi
Etiketarik gabe, Izan zaitez lehena erregistro honi etiketa jartzen!
|
MARC
| LEADER | 00000 a a2200000 04500 | ||
|---|---|---|---|
| 001 | 17282 | ||
| 003 | |||
| 040 | |||
| 100 | |a Gayet, Cecilia | ||
| 245 | |a Sexualidad saludable de los adolescentes: |b la necesidad de políticas basadas en evidencias / |c Cecilia Gayet | ||
| 650 | |a SEXUALIDAD | ||
| 650 | |a JUVENTUD | ||
| 650 | |a POLITICAS DE SALUD | ||
| 650 | |a VIH | ||
| 650 | |a PREVENCION DEL SIDA | ||
| 650 | |a EMBARAZO | ||
| 650 | |a URBANIZACION | ||
| 650 | |a MEXICO | ||
| 773 | |g volumen 49 Edición Espe; páginas 47-51 | ||
| 999 | |c 24314 |d 24314 | ||
